00969nam a22002897a 4500003000900000005001700009007000300026008003300029020001800062040002600080041000800106082002700114100002600141245007600167246003900243260004300282300003000325546002300355590002500378650003100403650003000434700003300464910001500497942001200512952013800524999001700662DO-SdBNP20211018132535.0ta210705e2017 dr ac||||| 001spa d a9789945167009 aDO-SdBNPbengcBPMSU  heng aR922.2bC322v 20172221 aCartaya, PedroePadre13a25 Jesuit knigts of God /cPedro Cartaya ; Marcelino García , pról.13atwenty-five jesuit knigts of God  aSanto Domingo :bEditora Búho,c2017 a61 p.;c23 cmbil., retr. aTexto en inglés  aInventariado 2021/VM 4aJesuitasxVida espiritual  4aJesuistas xBiografías 1 aGarcía, Marcelinoepról. aVMateo V.  2ddccBK 00102ddc40708CDaBPMETbBPMETd2021-10-18eEditora Búho oBPMSU CD R922.2 C322v 2017pBPMSU21100104r2021-10-18w2021-10-18yBK c13798d13798